| 000 | 00555nab a2200205 a 4500 | ||
|---|---|---|---|
| 005 | 20210223132302.0 | ||
| 008 | 991125s1985 mx 000 0 spa u | ||
| 035 | _aUPN01000195533 | ||
| 100 | 1 |
_aFrey, Herbert, _d1949- _933096 |
|
| 222 | _aREVISTA MEXICANA DE SOCIOLOGIA | ||
| 245 | _aLas raíces de la modernidad en la Edad Media | ||
| 260 | _aMéxico | ||
| 300 | _a3-44 | ||
| 362 | 0 | _a1991 Vol. 53, no. 4, oct.-dic. | |
| 653 | 0 | _aMODERNIDAD | |
| 653 | 0 | _aINDIVIDUALISMO | |
| 653 | 0 | _aEDAD MEDIA | |
| 653 | 0 | _aSUBJETIVIDAD | |
| 905 | _aArticulo | ||
| 999 |
_c167634 _d167634 |
||